| 000 | 00737cam a2200229 a 4500 | ||
|---|---|---|---|
| 020 | _a0314029052 (alk. paper) | ||
| 020 | _a0314036679 (student ed. : alk. paper) | ||
| 020 | _a0314030255 (teacher's wraparound ed : alk. paper) | ||
| 040 | _cDLC | ||
| 082 | 0 | 0 | _a910 WES 1995 A101 Or. |
| 100 | 1 | _aEnglish, Paul Ward. | |
| 245 | 1 | 0 |
_aGeography : _bpeople and places in a changing world / |
| 250 | _a2nd ed. | ||
| 260 |
_aSt. Paul : _bWest Pub. Co., _cc1995. |
||
| 300 |
_aA-15, xxxii, 750 p. : _bill. (some col.), col. maps ; _c29 cm. |
||
| 500 | _a"Texas teacher's wraparound edition." | ||
| 500 | _aIncludes index. | ||
| 650 | 0 | _aGeography. | |
| 700 | 1 | _aRobinson, Brian S. | |
| 700 | 1 | _aPriest, Quinton Gwynne. | |
| 942 | _cEK | ||
| 999 |
_c12818 _d12818 |
||